<The> Graduate institute of international studies academic year 1984-1985
Uložené v:
| Médium: | Kniha |
|---|---|
| Jazyk: | English |
| Vydavateľské údaje: |
Geneva
Graduate Institute of International Studies
1984
|
| Tagy: |
Žiadne tagy, Buďte prvý, kto otaguje tento záznam!
|
MARC
| LEADER | 00000nam a2200000 4500 | ||
|---|---|---|---|
| 001 | c114110 | ||
| 005 | 20260130113848.7 | ||
| 041 | 0 | |a eng | |
| 044 | |a CH | ||
| 245 | 1 | 0 | |a <The> Graduate institute of international studies |b academic year 1984-1985 |
| 264 | 1 | |a Geneva |b Graduate Institute of International Studies |c 1984 | |
| 300 | |a 52 s. | ||